| 000 | 00869cam a22002291 4500 | ||
|---|---|---|---|
| 001 | e 32000250 | ||
| 003 | DLC | ||
| 005 | 20260227111222.0 | ||
| 008 | 800613s1932 nyu s000 0 eng c | ||
| 010 | _ae 32000250 | ||
| 035 | _a(OCoLC)6419047 | ||
| 040 |
_aLibrary. U.S. Office of Education _cICharE _dDLC |
||
| 042 | _apremarc | ||
| 050 | 0 | 0 |
_aLB3325.A8 _bS6 |
| 100 | 1 |
_aSoper, Wayne W. _q(Wayne Wellington), _d1891-1956. |
|
| 245 | 1 | 4 |
_aThe use of the elementary school auditorium in cities and villages under superintendents, _cby Wayne W. Soper. |
| 260 |
_aAlbany, _bThe University of the State of New York press, _c1932. |
||
| 300 |
_a64 p. _c23 cm. |
||
| 490 | 0 |
_aUniversity of the State of New York bulletin, _vno. 990. Feb. 15, 1932 |
|
| 500 | _a"Bulletins and pamphlets prepared by the educational research division": p. 63-64. | ||
| 650 | 0 | _aAuditoriums. | |
| 999 |
_c21205 _d21205 |
||